Most expensive football transfers by position - Statistics

General Stats
  • This quiz has been taken 63 times
  • The average score is 12 of 13
Answer Stats
Position Fee (M €) Season Nationality Left Joined Player % Correct
Difensive Midfielder 116,60 2023-2024 England West Ham Arsenal Declan Rice
100%
Centre-Forward 180,00 2018-2019 France Monaco Paris SG Kylian Mbappé
100%
Left Winger 222,00 2017-2018 Brazil Barcelona Paris SG Neymar
100%
Right-Back 68,00 2021-2022 Morocco Inter Borussia Dortmund Achraf Hakimi
98%
Central Midfielder 121,00 2022-2023 Argentina Benfica Chelsea Enzo Fernández
98%
Centre-Back 87,00 2019-2020 England Leicester Manchester United Harry Maguire
98%
Goalkeeper 80,00 2018-2019 Spain Athletic Chelsea Kepa Arrizabalaga
98%
Right Winger 135,00 2017-2018 France Borussia Dortmund Barcelona Ousmane Dembélé
98%
Attacking Midfielder 135,00 2017-2018 Brazil Liverpool Barcelona Philippe Coutinho
98%
Left-Back 90,00 2023-2024 Croatia RB Leipzig Manchester City Josko Gvardiol
97%
Left Midfielder 45,00 2001-2002 Czech Republic Lazio Juventus Pavel Nedved
92%
Second Striker 41,00 2015-2016 Argentina US Palermo Juventus Paulo Dybala
88%
Right Midfielder 48,00 2001-2002 Spain Valencia Lazio Gaizka Mendieta
24%
No matching quizzes found
Score Distribution
Percent of People with Each Score
Percentile by Number Answered
Your Score History
You have not taken this quiz